000 00401nam a2200133 a 4500
001 000029040
005 20200930055307.0
008 110413s20uu dr a 000 0 spa d
040 _aDO-SdBNP
_bspa
_cBNPHU
245 0 0 _aExposición de molusco y corales : /
_ccatálogo.
260 _aSanto Domingo :
_bFundación Dominicana de Desarrollo,
_c[19--?].
300 _a11 p. :
_bil. ;
_c22 cm.
049 _aBNPD
999 _c28532
_d28532